| 000 | 01041cam a2200325 i 4500 | ||
|---|---|---|---|
| 001 | 4431 | ||
| 003 | FISKH | ||
| 005 | 20240905154632.0 | ||
| 008 | 150324s2015 fr af b 001 0afre | ||
| 010 | _a 2015419215 | ||
| 020 | _a9782081255241 | ||
| 035 | _a(Fr-PaAMA)AAL0674017-0001 | ||
| 040 |
_aDLC _bfra _cDLC _erda _dDLC |
||
| 050 | _aDS135.F8 | ||
| 082 | _a940.53 | ||
| 100 | 1 |
_aKlarsfeld, Beate, _d1939- |
|
| 245 | 1 | 0 |
_aMémoires / _cBeate et Serge Klarsfeld. |
| 260 |
_aParis : _bFayard/Flamamarion, _c2015 |
||
| 300 |
_a674 pages : _c24 cm |
||
| 336 |
_atext _2rdacontent |
||
| 337 |
_aunmediated _2rdamedia |
||
| 338 |
_avolume _2rdacarrier |
||
| 504 | _aIncludes bibliographical references and index. | ||
| 520 | _a"The memoirs of Beate and Serge Klarsfeld, political activists best known for hunting Nazis"-- | ||
| 650 | 0 |
_aNazi hunters _zFrance _vBiography. |
|
| 650 | 0 |
_aHolocaust, Jewish (1939-1945) _xHistoriography. |
|
| 906 |
_a7 _bcbc _corigres _d3 _encip _f20 _gy-gencatlg |
||
| 942 |
_2ddc _cBK _n0 |
||
| 999 |
_c4431 _d4431 |
||